|
|
|
|
| LEADER |
00000nab a2200000 a 4500 |
| 001 |
vtls000120780 |
| 003 |
SK-MaSNL |
| 005 |
20260304054522.0 |
| 008 |
250422c1982 xo 0 slo |
| 015 |
|
|
|a SNBRB19rr/mm-uuuuu
|
| 035 |
|
|
|a CL0130885
|
| 035 |
|
|
|a urn:nbn:sk:snk-abbb79
|
| 035 |
|
|
|a (urnnbn)urn:nbn:sk:snk:ar-000pkr
|
| 035 |
|
|
|a (uuid)c318cc25-84a5-4acc-9abb-f3abd9558561
|
| 040 |
|
|
|a SNKBUCL
|b slo
|c SNKBUCL
|e AACR2
|
| 041 |
0 |
|
|a slo
|
| 044 |
|
|
|a xo
|c SK
|
| 080 |
|
|
|a 595
|2 1981
|
| 100 |
1 |
|
|a Čepelák, Juraj,
|d 1917-2000
|4 aut
|9 105320
|
| 245 |
1 |
0 |
|a Niektoré skupiny vyšších dvojkrídlovcov Malých Karpát (Diptera, Brachycera). II
|c Juraj Čepelák
|
| 300 |
|
|
|b Res. rus.
|
| 650 |
0 |
7 |
|a Brachycera
|2 snkbucl
|9 967422
|
| 655 |
|
7 |
|a články z novín a časopisov
|2 snkbucl
|9 267496
|
| 773 |
0 |
|
|t Biológia
|g Roč. 37, č. 6 (1982), s. 599-607
|
| 850 |
|
|
|a Slovenská národná knižnica
|
| 852 |
|
|
|a Slovenská národná knižnica
|
| 954 |
|
|
|a odborná, vedecká literatúra pôvodná (slovenská)
|2 lita
|
| 958 |
|
|
|a article15
|
| 958 |
|
|
|a RK
|
| 958 |
|
|
|a OND
|
| 958 |
|
|
|a EUIPO
|
| 992 |
|
|
|a RBX
|
| 999 |
|
|
|c 2719355
|d 2721285
|